Wykonawcy z największą liczbą hitów od 1962 roku - Statystyki

Ogólne statystyki
  • Ten quiz został rozwiązany 30 razy
  • Średni wynik to 22 z 100
Statystyki odpowiedzi
Punkty Wykonawcy % Poprawnych
1908 Rihanna
85%
850 Eminem
81%
1408 Michael Jackson
81%
2203 Taylor Swift
77%
1329 Justin Bieber
69%
1285 Beyoncé
65%
1335 The Beatles
65%
663 50 Cent
58%
670 Britney Spears
58%
1328 Katy Perry
58%
1036 Lady Gaga
58%
1807 Madonna
58%
1028 Ed Sheeran
54%
783 Adele
50%
1590 Ariana Grande
50%
692 Jennifer Lopez
50%
699 The Rolling Stones
50%
1245 Bruno Mars
46%
528 Elvis Presley
46%
550 Miley Cyrus
46%
1766 Elton John
42%
798 Jay-Z
42%
606 Pitbull
42%
1457 The Weeknd
42%
760 Celine Dion
38%
2167 Drake
38%
948 Justin Timberlake
38%
628 Selena Gomez
38%
606 Billie Eilish
35%
541 T.I.
35%
715 Christina Aguilera
31%
1491 Whitney Houston
31%
574 Cher
27%
711 Dua Lipa
27%
896 Kanye West
27%
2252 Mariah Carey
27%
612 Bryan Adams
23%
1553 Usher
23%
576 Bon Jovi
19%
688 George Michael
19%
760 Imagine Dragons
19%
1592 Maroon 5
19%
954 Nelly
19%
806 Nicki Minaj
19%
784 Prince
19%
635 Shawn Mendes
19%
841 The Black Eyed Peas
19%
709 Cardi B
15%
876 Doja Cat
15%
709 Flo Rida
15%
690 Jason Derulo
15%
598 Kendrick Lamar
15%
701 Diana Ross
12%
1457 Stevie Wonder
12%
809 Alicia Keys
8%
587 Aretha Franklin
8%
652 Billy Joel
8%
1074 Chris Brown
8%
609 Nickelback
8%
525 Olivia Rodrigo
8%
827 P. Diddy
8%
872 Phil Collins
8%
1248 P!nk
8%
684 Bad Bunny
4%
766 Barbra Streisand
4%
893 Bee Gees
4%
752 Destiny's Child
4%
559 Dionne Warwick
4%
747 Donna Summer
4%
1606 Janet Jackson
4%
844 Kelly Clarkson
4%
532 Lil Nas X
4%
729 Lionel Richie
4%
734 Marvin Gaye
4%
589 Paul McCartney
4%
1345 Post Malone
4%
776 R. Kelly
4%
581 The Carpenters
4%
729 The Supremes
4%
707 The Temptations
4%
800 Boyz II Men
0%
728 Chicago
0%
652 Duran Duran
0%
720 Future
0%
984 Hall & Oates
0%
719 Kenny Rogers
0%
527 Khalid
0%
553 Kool & the Gang
0%
584 Ludacris
0%
746 Luke Combs
0%
1060 Morgan Wallen
0%
557 Neil Diamond
0%
842 Olivia Newton-John
0%
550 Paula Abdul
0%
535 Richard Marx
0%
879 Rod Stewart
0%
540 The Beach Boys
0%
562 The Jackson 5
0%
575 Three Dog Night
0%
592 Wings
0%
Nie znaleziono quizów pasujących do podanych kryteriów
Rozkład punktacji
Procent ludzi z każdym wynikiem
Percentyl według liczby udzielonych odpowiedzi
Twoja historia wyników
Nie rozwiązałeś tego quizu